Statystyki dla Państwa z szczytami poniżej 500 metrów

Kliknij tutaj aby rozwiązać quiz!

Ogólne statystyki

  • Ten quiz został rozwiązany 160 razy
  • Średni wynik to 13 z 25

Statystyki odpowiedzi

WysokośćPaństwo% Poprawnych
75 mWatykan
76%
332 mHolandia
71%
294 mLitwa
68%
312 mŁotwa
68%
318 mEstonia
67%
2 mMalediwy
65%
161 mMonako
63%
345 mBiałoruś
60%
253 mMalta
60%
170 mDania
58%
71 mNauru
58%
242 mPalau
57%
5 mTuvalu
56%
103 mKatar
51%
163 mSingapur
50%
10 mWyspy Marshalla
49%
81 mKiribati
48%
306 mKuwejt
45%
134 mBahrajn
43%
63 mBahamy
41%
430 mMołdawia
40%
336 mBarbados
37%
402 mAntigua i Barbuda
31%
53 mGambia
27%
300 mGwinea Bissau
16%

Rozkład punktacji

Percentyl według liczby udzielonych odpowiedzi

Procent ludzi z każdym wynikiem

Twoja historia wyników

Nie rozwiązałeś tego quizu